Представление документа в формате RUSMARC

ПолеНазваниеЗначение
  Тип записи a
  Библиографический уровень m
001 Контрольный номер ea725b32c94e40ceaddc0339bb8f1e11
005 Дата корректировки 20260626101128.6
010 Индекс ISBN __
a ISBN 978-5-9573-6538-9
9 Тираж 1500 экз.
100 Данные общей обработки __
a Данные общей обработки 20260625d2025 m y0rusy028902 ca
101 Язык документа 0_
a Язык текста rus
102 Страна публикации __
a Страна публикации RU
105 Кодированные данные (монография) __
a Кодированные данные (монография) ac z 000yy
181 Поле кодированных данных: вид содержания _0
a Код вида содержания (ISBD) i
182 Поле кодированных данных: тип средства _0
a Код типа средства (ISBD) n
200 Заглавие и сведения об ответственности 1_
a Заглавие Мысли, творящие стройную фигуру
f Первые сведения об ответственности Георгий Сытин
203 Вид содержания и тип средства __
a Вид содержания Текст
c Тип средства непосредственный
210 Выходные данные 1_
a Место издания Санкт-Петербург
c Издательство Весь
d Дата издания 2025
215 Физическое описание __
a Объем 236 с.
d Формат 20 см
c Иллюстрации/тип воспроизводства ил., портр.
225 Серия 2_
a Серия Реальное продление жизни
330 Аннотация __
a Аннотация Георгий Николаевич Сытин, автор исцеляющих настроев - словесных формул, направленных на оздоровление и омоложения. Г. Н. Сытин - дипломированный специалист в области медицины, психологии и педагогики. Он дал исчерпывающее научное обоснование лечебному и омолаживающему действию творящих мыслей. Свою теорию он многократно подтверждал феноменальными результатами работы при подготовке спортсменов и космонавтов, а также успешной терапевтической практикой. В книгу вошли исцеляющие настрои, которые помогают избавиться от лишнего веса и склонности к перееданию, восстановить нормальный обмен веществ, развить потребность в активном образе жизни, вернуть красоту и стройность. Издание дополнено эффективными настроями "Энергия и сила жизни", "Божественное исцеление от ожирения" и "Усиление гипофиза" (для женщин).
606 Тематические рубрики __
a Основная рубрика Здравоохранение. Медицинские науки
2 Код системы nlr_sh
606 Тематические рубрики __
a Основная рубрика Психотерапия
2 Код системы nlr_sh
610 Ключевые слова 0_
a Ключевые слова советы целителей
610 Ключевые слова 0_
a Ключевые слова снижение веса
610 Ключевые слова 0_
a Ключевые слова самосовершенствование
610 Ключевые слова 0_
a Ключевые слова практическая эзотерика
610 Ключевые слова 0_
a Ключевые слова диеты
610 Ключевые слова 0_
a Ключевые слова самосовершенствование
610 Ключевые слова 0_
a Ключевые слова похудение
610 Ключевые слова 0_
a Ключевые слова здоровье
610 Ключевые слова 0_
a Ключевые слова омоложение организма
610 Ключевые слова 0_
a Ключевые слова оздоровительные системы
610 Ключевые слова 0_
a Ключевые слова нетрадиционная медицина
610 Ключевые слова 0_
a Ключевые слова лечение без лекарств
610 Ключевые слова 0_
a Ключевые слова коррекция фигуры
610 Ключевые слова 0_
a Ключевые слова духовные практики
610 Ключевые слова 0_
a Ключевые слова исцеляющие настрои
686 Индексы других классификаций __
2 Код системы rubbks
a Классификационный индекс 53.574
700 Автор _1
a Фамилия Сытин
b Имя Г. Н.
g Полное личное имя Георгий Николаевич
4 Код отношения 070
f Даты 1921-2016
801 Источник записи _0
a Страна RU
b Организация Муниципальное бюджетное учреждение культуры "Централизованная библиотечная система" г. Сургут (Центральная городская библиотека им. А. С. Пушкина)
c Дата составления 20260625
g Правила каталогизации PSBO
801 Источник записи _1
a Страна RU
b Организация Муниципальное бюджетное учреждение культуры "Централизованная библиотечная система" г. Сургут (Центральная городская библиотека им. А. С. Пушкина)
c Дата составления 20260625
g Правила каталогизации PSBO
852 Данные о местонахождении __
j Шифр хранения 53.574
i Авторский знак С 95
901 Тип документа __
a Ответственный ООФиК/Волкова
t Тип документа m
901 Тип документа __
a Ответственный без партии
903 Характеристики (МАРС) __
a Дата передачи 20260625
c Наименование библиотеки (МАРС) Муниципальное бюджетное учреждение культуры "Централизованная библиотечная система" г. Сургут (Центральная городская библиотека им. А. С. Пушкина)
969 Тип издания __
a Тип издания научно-популярное издание